| 000 | 00547nam a22001577a 4500 | ||
|---|---|---|---|
| 003 | NUST | ||
| 038 | _aNusrat Nadeem | ||
| 082 | _a200 | ||
| 100 |
_aAyaz, Malaika _9129089 |
||
| 245 |
_aIncreasing Women Participation in Labor Market in Pakistan: Strategies, Challenges and Opportunities/ _cMalaika Ayaz |
||
| 264 |
_aIslamabad: _bS3H NUST. _c2025. |
||
| 650 |
_aMS-Government and Public Policy _9125323 |
||
| 700 |
_aSupervisor: Dr. Hassan Jalil Shah _9125693 |
||
| 856 | _uhttp://10.250.8.41:8080/xmlui/handle/123456789/52938 | ||
| 942 |
_2ddc _cSC |
||
| 999 |
_c613840 _d613840 |
||